Problem solving and programming concepts / (Record no. 48921)

MARC details
000 -LEADER
fixed length control field 00712cam a2200253 a 4500
001 - CONTROL NUMBER
control field 1180567
003 - CONTROL NUMBER IDENTIFIER
control field 0
005 - DATE AND TIME OF LATEST TRANSACTION
control field 20170223091258.0
008 - FIXED-LENGTH DATA ELEMENTS--GENERAL INFORMATION
fixed length control field 970417s1998 njua 001 0 eng
010 ## - LIBRARY OF CONGRESS CONTROL NUMBER
LC control number 97019415
020 ## - INTERNATIONAL STANDARD BOOK NUMBER
International Standard Book Number 0136318053 (pbk.)
020 ## - INTERNATIONAL STANDARD BOOK NUMBER
International Standard Book Number 9780136318057
040 ## - CATALOGING SOURCE
Transcribing agency SPU
050 00 - LIBRARY OF CONGRESS CALL NUMBER
Classification number QA 76.6
Item number .S68 1998
100 1# - MAIN ENTRY--PERSONAL NAME
Personal name Sprankle, Maureen.
245 10 - TITLE STATEMENT
Title Problem solving and programming concepts /
Statement of responsibility, etc Maureen Sprankle.
250 ## - EDITION STATEMENT
Edition statement 4th ed.
260 ## - PUBLICATION, DISTRIBUTION, ETC. (IMPRINT)
Place of publication, distribution, etc Upper Saddle River, N.J. :
Name of publisher, distributor, etc Prentice-Hall,
Date of publication, distribution, etc c1998.
300 ## - PHYSICAL DESCRIPTION
Extent xx, 486 p. :
Other physical details ill. ;
Dimensions 28 cm.
500 ## - GENERAL NOTE
General note Includes index.
650 #0 - SUBJECT ADDED ENTRY--TOPICAL TERM
Topical term or geographic name as entry element Computer programming.
650 #0 - SUBJECT ADDED ENTRY--TOPICAL TERM
Topical term or geographic name as entry element Problem solving
General subdivision Data processing.
942 ## - ADDED ENTRY ELEMENTS (KOHA)
Source of classification or shelving scheme Library of Congress Classification
Koha item type Book
Holdings
Withdrawn status Lost status Source of classification or shelving scheme Damaged status Not for loan Collection code Home library Current library Shelving location Date acquired Source of acquisition Cost, normal purchase price Full call number Barcode Copy number Price effective from Koha item type
    Library of Congress Classification     Non-fiction Bishop Okullu Memorial Library (Limuru Campus) Bishop Okullu Memorial Library (Limuru Campus) General Circulation 23/02/2017 Donation-BFA 500.00 QA 76.6 .S68 1998 051072 1 23/02/2017 Book